00630nam a22001817a 4500003000900000005001700009007000300026008003400029020001800063040002500081100003000106245007100136260004500207300002800252500006300280500007300343504003200416DO-SdBNP20240404094740.0ta210903b 2019 dr a 00| 0 eng d a9789945804706 aDO-SdBNPbspacBNPHU1 aCruz Sánchez, Filiberto1 aExploraciones y conquista de América /cFiliberto Cruz Sánchez aSanto Domingo :bEl Nuevo Diario,c2019. a112 p. :bil. ;c21 cm. aIncluye datos biográficos del autor en la contracubierta aIncluye referencias bibliográficas y notas al pie de las páginas aBibliografía : p. 111-112